Statistics for Most Populated French Islands

Click here to take the quiz!

General Stats

  • This quiz has been taken 41 times
  • The average score is 7 of 20

Answer Stats

Rank Population Island % Correct
3302,000Corsica
91%
2402,000Martinique
82%
1217,640Île de Ré
74%
1802,000Réunion
71%
4205,939New Caledonia
65%
7178,133Tahiti
59%
935,263Saint Martin
41%
189,227Wallis
35%
1120,991Île d'Oléron
29%
179,813Noirmoutier
21%
198,927Bora Bora
21%
208,450Saint Barthélemy
21%
6186,661Basse Terre (Guadeloupe)
15%
1316,191Moorea
15%
8162,036Grande Terre (Mayotte)
12%
5197,603Grande Terre (Guadeloupe)
12%
1024,416Petite Terre (Mayotte)
9%
1512,009Marie-Galante
9%
1412,024Raiatea
3%
1610,170Lifou
3%

Score Distribution

Percentile by Number Answered

Percent of People with Each Score

Your Score History

You have not taken this quiz